000 00293nam a2200121Ia 4500
008 191201s2009 xx 000 0 und d
100 _aSKOLNIK, Merrill
245 0 _aIntroduction to Radar Systems
260 _aN. Delhi
_bTMH
_c2009
300 _a774
650 _aB.Tech(ECE)
942 _2ddc
_cBK
999 _c6347
_d6347